000 01187nam0a2200361 4500
001 RU\NLR\bibl\424431
005 20260406042740.0
010 _a5-17-018042-X
_97000
021 _aRU
_b2003-29626
_91395
035 _a(NLR Aleph) 000418332
090 _a678883
_c678883
100 _a20030717d2003 |||y0rusy50 ca
101 1 _arus
_ceng
102 _aRU
105 _ay |||||||||
200 1 _aУтро нашей любви
_eРоман
_fЭйна Ли
_g[Пер. с англ. Л.В. Сазоновой]
210 _aМ.
_cАСТ
_d2003
215 _a317,[1] с.
_d21
225 1 _aОчарование
610 0 _aЖенщина в США (х. л.)
610 0 _aСША, 19 в. (х. л.)
610 0 _aПриключенческие романы и рассказы (х. л.)
675 _a821.111(73)-31Ли
_v3
_zrus
686 _a17.82
_2rugasnti
686 _a84(7Сое)-44
_2rubbk
686 _aШ6(7США)67-440.4{Лх1979-50}
700 1 _4070
_8rus
_7ca
_aЛи
_bЭ.
_gЭйна
_3RU\NLR\auth\772921
_9112928
801 0 _aRU
_bRKP
_c20030717
_gPSBO
801 1 _aRU
_bRKP
_c20030717
801 2 _aRU
_bNLR
_c20030820
_grcr
942 _cBOOK
980 _aNB